Lectures from Colombo to Almora (Record no. 87749)

MARC details
000 -LEADER
fixed length control field 00513nam a2200193Ia 4500
008 - FIXED-LENGTH DATA ELEMENTS--GENERAL INFORMATION
fixed length control field 230125s9999 xx 000 0 und d
020 ## - INTERNATIONAL STANDARD BOOK NUMBER
International Standard Book Number 81-7505-181-7
041 ## - LANGUAGE CODE
Language code of text/sound track or separate title eng
082 ## - DEWEY DECIMAL CLASSIFICATION NUMBER
Classification number 823
Item number VIV
100 ## - MAIN ENTRY--PERSONAL NAME
Personal name Vivekananda S
9 (RLIN) 110883
245 ## - TITLE STATEMENT
Title Lectures from Colombo to Almora
260 ## - PUBLICATION, DISTRIBUTION, ETC. (IMPRINT)
Date of publication, distribution, etc. 2008
Name of publisher, distributor, etc. Advaita ashrama pub
Place of publication, distribution, etc. Kolkata
300 ## - PHYSICAL DESCRIPTION
Extent 437p
500 ## - GENERAL NOTE
Keywords English Literature;Literature
650 ## - SUBJECT ADDED ENTRY--TOPICAL TERM
Topical term or geographic name as entry element English Literature
700 ## - ADDED ENTRY--PERSONAL NAME
Personal name Vivekananda S
9 (RLIN) 110883
906 ## - LOCAL DATA ELEMENT F, LDF (RLIN)
b 2
Holdings
Withdrawn status Lost status Damaged status Not for loan Home library Current library Date acquired Vendor Cost, normal purchase price Bill number Total Checkouts Full call number Barcode Date last seen Cost, replacement price Bill Date Koha item type Original Barcode
        Smt. Hiraben Nanavati Institute of Management & Research for Women Smt. Hiraben Nanavati Institute of Management & Research for Women 17/02/2010 Ramkrishna Math 40.00 CRB251   823 VIV B08404 HIMR-BK-8404 25/01/2023 38.00 26/02/2010 Books B08404
        Smt. Hiraben Nanavati Institute of Management & Research for Women Smt. Hiraben Nanavati Institute of Management & Research for Women 17/02/2010 Ramkrishna Math 40.00 CRB251   823 VIV B08412 HIMR-BK-8412 25/01/2023 32.00 26/02/2010 Books B08412